000 00271nam a2200109 a 4500
005 20201002053129.0
008 180326s2017 000 spa d
020 _a9789945894660
245 3 _aLa educación en Cuba :.
260 _aSanto Domingo,
_c2017.
999 _c46287
_d46287
040 _aDO-SdBNP